Practical chemistry Ed 5 (Record no. 140584)
[ view plain ]
| 000 -LEADER | |
|---|---|
| fixed length control field | 00456nam a2200193Ia 4500 |
| 008 - FIXED-LENGTH DATA ELEMENTS--GENERAL INFORMATION | |
| fixed length control field | 210210b1941 xxu||||| |||| 00| 0 eng d |
| 041 ## - LANGUAGE CODE | |
| Language code of text/sound track or separate title | eng |
| 082 ## - DEWEY DECIMAL CLASSIFICATION NUMBER | |
| Classification number | 543 BRUP |
| 100 ## - MAIN ENTRY--PERSONAL NAME | |
| Personal name | BRUCE (James) |
| 245 ## - TITLE STATEMENT | |
| Title | Practical chemistry Ed 5 |
| 260 ## - PUBLICATION, DISTRIBUTION, ETC. | |
| Place of publication, distribution, etc. | London |
| Name of publisher, distributor, etc. | Macmillan & Co. Ltd. |
| Date of publication, distribution, etc. | 1941 |
| 650 ## - SUBJECT ADDED ENTRY--TOPICAL TERM | |
| Topical term or geographic name entry element | Practical |
| 650 ## - SUBJECT ADDED ENTRY--TOPICAL TERM | |
| Topical term or geographic name entry element | Ed |
| 650 ## - SUBJECT ADDED ENTRY--TOPICAL TERM | |
| Topical term or geographic name entry element | chemistry |
| 650 ## - SUBJECT ADDED ENTRY--TOPICAL TERM | |
| Topical term or geographic name entry element | 5 |
| 690 ## - LOCAL SUBJECT ADDED ENTRY--TOPICAL TERM (OCLC, RLIN) | |
| Topical term or geographic name as entry element | Analytical Chemistry |
| 700 ## - ADDED ENTRY--PERSONAL NAME | |
| Personal name | HARPER (Harry) |
| 906 ## - LOCAL DATA ELEMENT F, LDF (RLIN) | |
| a | 009890 |
No items available.